000 00426nam a2200145Ia 4500
008 100204s9999 xx 000 0 und d
082 _b12231
100 _aगुजराती जयंत
245 _aफुलोरा
260 _b"सामुद्रि प्रकाशन , नाशिक"
_c1989
300 _a127
630 _aफुलोरा
730 _aफुलोरा
942 _cBOOK
999 _c456664
_d456661